00978 a2200169 4500003000500000005001700005040000900022082002000031100002700051245005300078260003600131300001000167505047200177942001200649999001900661952012800680Nust20221228171108.0 cNust a621.3880028,KIN aGordon J. King9106087 aTelevision Servicing Hand book /cGordon J. King alondonbBilling and sonscc1970 a357p; aIntroduction (Page-9), No Sound Vision (Page-16), No Raster (Page-23), No Sound Or Vision (Page-48), No Raster Sound (Page-69), Fault-Tracing (Page-83), Servicing The Time Base (Page-98), Synchronizing Faults (Page-134), Vision A.G.C Sys(Page-166), Picture Tube (Page-181), Receiver Alignment (Page-194), Miscellaneous Faults (Page-216), Colour Television (Page-238),Television In The U.H.F Bands (Page270),Dual Standard (Page-284),Transistor Television (Page-319). 2ddccBK c193639d193639 00102ddc4070aMCSbMCScGENd2016-12-12o621.3880028,KINpMCS6835r2016-12-08w2016-12-12yBKzAlmirah No.39, Shelf No.5